Perspectives in consumer behavior
Gespeichert in:
| 1. Verfasser: | |
|---|---|
| Format: | Buch |
| Sprache: | Undetermined |
| Veröffentlicht: |
Illinois
Scott, Foresman and Company
1973
|
| Schlagworte: | |
| Tags: |
Tag hinzufügen
Keine Tags, Fügen Sie den ersten Tag hinzu!
|
| Thư viện lưu trữ: | Trung tâm Học liệu Trường Đại học Cần Thơ |
|---|
| LEADER | 00554nam a2200181Ia 4500 | ||
|---|---|---|---|
| 001 | CTU_68927 | ||
| 008 | 210402s9999 xx 000 0 und d | ||
| 082 | |a 658.834 | ||
| 082 | |b K19 | ||
| 100 | |a Kassarjian, Harold H. | ||
| 245 | 0 | |a Perspectives in consumer behavior | |
| 245 | 0 | |c Harold H. Kassarjian, Thomas S. Robertson | |
| 260 | |a Illinois | ||
| 260 | |b Scott, Foresman and Company | ||
| 260 | |c 1973 | ||
| 650 | |a Consumer behavior,Motivation research ( marketing ) | ||
| 904 | |i TUYEN | ||
| 980 | |a Trung tâm Học liệu Trường Đại học Cần Thơ | ||